Лингвистическое сопровождение проектной деятельности современного инженера на родном (русском) языке; Совершенствование содержания и технологии учебного процесса

Dettagli Bibliografici
Parent link:Совершенствование содержания и технологии учебного процесса.— 2010.— С. 244-245
Autore principale: Казакова О. А. Ольга Анатольевна
Lingua:russo
Pubblicazione: 2010
Soggetti:
Natura: MixedMaterials Capitolo di libro
KOHA link:https://koha.lib.tpu.ru/cgi-bin/koha/opac-detail.pl?biblionumber=185303

MARC

LEADER 00000naa2a2200000 4500
001 185303
005 20231218151442.0
035 |a (RuTPU)RU\TPU\book\200989 
090 |a 185303 
100 |a 20101007d2010 k y0rusy50 ca 
101 0 |a rus 
102 |a RU 
200 1 |a Лингвистическое сопровождение проектной деятельности современного инженера на родном (русском) языке  |f О. А. Казакова 
463 0 |0 (RuTPU)RU\TPU\book\191281  |t Совершенствование содержания и технологии учебного процесса  |o сборник трудов научно-методической конференции, г. Томск, 12-13 февраля 2010 г.  |f Томский политехнический университет (ТПУ)   |v С. 244-245  |d 2010  |p 279 с. 
610 1 |a проектная деятельность 
610 1 |a речевая культура 
610 1 |a инженеры 
610 1 |a русский язык 
610 1 |a труды учёных ТПУ 
700 1 |a Казакова  |b О. А.  |c филолог  |c доцент Томского политехнического университета, кандидат филологических наук  |f 1974-  |g Ольга Анатольевна  |3 (RuTPU)RU\TPU\pers\24564  |9 10864 
801 1 |a RU  |b 63413507  |c 20101007 
942 |c BK